Ole Miss Starting QBs in the CFP Era - Statistics

General Stats
  • This quiz has been taken 95 times
  • The average score is 5 of 7
Answer Stats
Year # Player % Correct
2022, 2023, 2024 2 Jaxson Dart
97%
2019, 2020, 2021 2 Matt Corral
92%
2015, 2016 10 Chad Kelly
72%
2017, 2018 10 Jordan Ta'amu
63%
2012, 2013, 2014 14 Bo Wallace
62%
2019 10 John Rhys Plumlee
54%
2016, 2017 20 Shea Patterson
48%
No matching quizzes found
Score Distribution
Percent of People with Each Score
Percentile by Number Answered
Your Score History
You have not taken this quiz